[Event "FBL O"]
[Site "?"]
[Date "2018.10.27"]
[Round "1.2"]
[White "Daemering, Katrin"]
[Black "von Keyserlingk, Chanda"]
[Result "1-0"]
[WhiteElo "2038"]
[BlackElo "1724"]
[PlyCount "79"]
[EventDate "2018.10.27"]
[EventType "team-tourn"]
[EventCountry "GER"]
[WhiteTeam "Leipzig SV Blauweiss Allianz"]
[BlackTeam "Dresden USV TU"]
[WhiteTeamCountry "GER"]
[BlackTeamCountry "GER"]

1. Nf3 d5 2. g3 Nf6 3. Bg2 e6 4. d3 Be7 5. Nbd2 Nbd7 6. O-O O-O 7. c4 c6 8. b3
e5 9. e3 Re8 10. Bb2 Bd6 11. Qc2 e4 12. dxe4 dxc4 13. Qxc4 Ne5 14. Qc2 Bc7 15.
Rad1 Qe7 16. Nd4 Rd8 17. Nb1 Neg4 18. Rc1 Bd6 19. Rfd1 Nh5 20. Nf3 Be6 21. e5
Bc7 22. h3 Rxd1+ 23. Rxd1 Nxe3 24. fxe3 Nxg3 25. Qf2 Ne4 26. Qh4 Qxh4 27. Nxh4
Ng5 28. Kh2 f6 29. Nf3 Ne4 30. Kg1 h6 31. exf6 Nxf6 32. Bxf6 gxf6 33. Nd4 Rd8
34. Nc3 Bc8 35. Rf1 Be5 36. Ne4 c5 37. Nxc5 Rxd4 38. exd4 Bxd4+ 39. Kh1 Bxc5
40. Rc1 1-0

[Event "FBL O"]
[Site "?"]
[Date "2018.10.27"]
[Round "1.3"]
[White "Klemke, Kassandra"]
[Black "Germann, Heike"]
[Result "0-1"]
[WhiteElo "1640"]
[BlackElo "2069"]
[PlyCount "96"]
[EventDate "2018.10.27"]
[EventType "team-tourn"]
[EventCountry "GER"]
[WhiteTeam "Dresden USV TU"]
[BlackTeam "Leipzig SV Blauweiss Allianz"]
[WhiteTeamCountry "GER"]
[BlackTeamCountry "GER"]

1. e4 c5 2. Nf3 Nc6 3. d4 cxd4 4. Nxd4 g6 5. Nc3 Bg7 6. Be3 Nf6 7. Bc4 O-O 8.
O-O d6 9. Kh1 Ng4 10. Nxc6 bxc6 11. Bf4 Qb6 12. Be3 Nxe3 13. fxe3 Qxb2 14. Ne2
Qxa1 15. Qxa1 Bxa1 16. Rxa1 Rb8 17. Bb3 Rb4 18. Ng3 Be6 19. Kg1 a5 20. c3 Rb6
21. Ne2 Bxb3 22. axb3 Rxb3 23. Rxa5 Rb1+ 24. Kf2 f5 25. e5 Rb5 26. Rxb5 cxb5
27. exd6 exd6 28. Nd4 Rb8 29. Nc6 Rb7 30. Ke2 Rc7 31. Nd4 Rxc3 32. Nxb5 Rc2+
33. Kf3 Rd2 34. Nd4 Kf7 35. Nb3 Rb2 36. Nd4 Kf6 37. h3 h5 38. Ne2 g5 39. Nd4
Rd2 40. Nb3 Rd3 41. Nc1 Ra3 42. Kf2 Ke5 43. Ne2 Ra2 44. Kf1 Rxe2 45. Kxe2 h4
46. Kf3 d5 47. Kf2 Ke4 48. Ke2 f4 0-1

[Event "FBL O"]
[Site "?"]
[Date "2018.10.27"]
[Round "1.5"]
[White "Gottschall, Ina"]
[Black "Von Herman, Brigitte"]
[Result "0-1"]
[WhiteElo "1654"]
[BlackElo "2050"]
[PlyCount "112"]
[EventDate "2018.10.27"]
[EventType "team-tourn"]
[EventCountry "GER"]
[WhiteTeam "Dresden USV TU"]
[BlackTeam "Leipzig SV Blauweiss Allianz"]
[WhiteTeamCountry "GER"]
[BlackTeamCountry "GER"]

1. d4 Nf6 2. c4 e6 3. Nc3 Bb4 4. Nf3 Qe7 5. Qc2 Nc6 6. Bf4 d6 7. a3 Bxc3+ 8.
bxc3 O-O 9. e3 Re8 10. Be2 b6 11. O-O h6 12. Bg3 Ba6 13. Rfe1 Na5 14. Nd2 e5
15. c5 Bxe2 16. cxd6 cxd6 17. Rxe2 Rac8 18. Qb2 Qc7 19. dxe5 dxe5 20. Rc1 Nc4
21. Qb3 Nxd2 22. Rxd2 Ne4 23. Rdc2 Re6 24. Qd5 Qc4 25. Qxc4 Rxc4 26. f3 Nxg3
27. hxg3 Rec6 28. Kf2 b5 29. Ke2 Ra4 30. Rb1 a6 31. Rb3 Kf8 32. Ra2 Ke7 33. Rd2
h5 34. Rd5 f6 35. e4 g5 36. Ke3 Rc8 37. Rd1 Rh8 38. Rh1 Kd6 39. Ra1 h4 40. Rh1
Kc5 41. gxh4 Rxh4 42. Rxh4 gxh4 43. Kd3 a5 44. Kd2 f5 45. exf5 Rf4 46. Rb1 Rxf5
47. Rh1 Rg5 48. Rh2 Rg3 49. Kd3 Kd5 50. Rxh4 Rxg2 51. c4+ bxc4+ 52. Rxc4 Rd2+
53. Kxd2 Kxc4 54. Ke3 Kb3 55. Kd2 Kxa3 56. Kc3 a4 0-1

[Event "FBL O"]
[Site "?"]
[Date "2018.10.27"]
[Round "1.1"]
[White "Mucha, Annegret"]
[Black "Lowke, Kathrin"]
[Result "1/2-1/2"]
[WhiteElo "2044"]
[BlackElo "1900"]
[PlyCount "120"]
[EventDate "2018.10.27"]
[EventType "team-tourn"]
[EventCountry "GER"]
[WhiteTeam "Zeulenroda SC Rochade"]
[BlackTeam "Leipzig SC Lindenau"]
[WhiteTeamCountry "GER"]
[BlackTeamCountry "GER"]

1. Nc3 d6 2. g3 Nf6 3. Bg2 g6 4. f4 Bg7 5. e4 Nc6 6. Nf3 e5 7. d3 Be6 8. O-O
Qd7 9. f5 gxf5 10. Ng5 fxe4 11. Nxe6 Qxe6 12. Nxe4 h6 13. Nxf6+ Bxf6 14. Bxc6+
bxc6 15. Qf3 Ke7 16. Qxc6 Rac8 17. Be3 a5 18. Rf3 Bg5 19. Bxg5+ hxg5 20. Raf1
Rh7 21. Rf5 g4 22. Rf6 Qxa2 23. b3 Qb2 24. Qc4 Qd4+ 25. Qxd4 exd4 26. R6f4 Rg7
27. Rxd4 Rg5 28. Rdf4 Rf8 29. Rf5 Rxf5 30. Rxf5 c5 31. Kg2 Ke6 32. Rf4 f5 33.
Ra4 Ra8 34. h4 gxh3+ 35. Kxh3 Ke5 36. Kg2 Rg8 37. Kf3 Rh8 38. Rxa5 Rh2 39. c3
Rc2 40. d4+ Ke6 41. dxc5 Rxc3+ 42. Kf4 dxc5 43. Rb5 Kd5 44. Rb6 Rd3 45. Rb7 Rc3
46. Rb8 Ke6 47. Re8+ Kd6 48. Rd8+ Ke6 49. Rb8 Kd5 50. b4 Rc4+ 51. Kxf5 Rxb4 52.
Rd8+ Kc4 53. g4 Kb3 54. g5 c4 55. g6 Rb7 56. Kf6 c3 57. g7 Rxg7 58. Kxg7 c2 59.
Rc8 Kb2 60. Rb8+ Ka1 1/2-1/2

[Event "FBL O"]
[Site "?"]
[Date "2018.10.27"]
[Round "1.2"]
[White "Spangenberg, Romy"]
[Black "Skibbe, Diana"]
[Result "0-1"]
[WhiteElo "1871"]
[BlackElo "2027"]
[PlyCount "88"]
[EventDate "2018.10.27"]
[EventType "team-tourn"]
[EventCountry "GER"]
[WhiteTeam "Leipzig SC Lindenau"]
[BlackTeam "Zeulenroda SC Rochade"]
[WhiteTeamCountry "GER"]
[BlackTeamCountry "GER"]

1. e4 e5 2. Nf3 Nc6 3. d4 exd4 4. Nxd4 Qf6 5. Be3 Bc5 6. c3 Nge7 7. g3 d5 8.
Bg2 Ne5 9. exd5 Qa6 10. Bf1 Qg6 11. Bb5+ c6 12. dxc6 bxc6 13. Be2 Bh3 14. Qc2
Nd5 15. Qxg6 hxg6 16. Nd2 Nxe3 17. fxe3 Bg2 18. Rg1 Rxh2 19. Nf1 Bxf1 20. Kxf1
O-O-O 21. Rg2 Rh3 22. Kf2 Rd6 23. Rf1 Bb6 24. Ke1 Rh8 25. b4 f6 26. a4 a5 27.
b5 c5 28. Nc2 Rhd8 29. c4 Kb8 30. Kf2 Rd2 31. Ne1 Nxc4 32. Nf3 Rc2 33. Ra1 Re8
34. Ne1 Nxe3 35. Nxc2 Nxc2 36. Rc1 c4+ 37. Kf3 Nd4+ 38. Kg4 Re4+ 39. Kh3 Nxe2
40. Rc2 Ng1+ 41. Kh2 Nf3+ 42. Kh3 g5 43. g4 Re3 44. Rg3 Bc7 0-1

[Event "FBL O"]
[Site "?"]
[Date "2018.10.27"]
[Round "1.3"]
[White "Jacke, Corinna"]
[Black "Weimert, Miriam"]
[Result "1-0"]
[WhiteElo "1981"]
[BlackElo "1776"]
[PlyCount "91"]
[EventDate "2018.10.27"]
[EventType "team-tourn"]
[EventCountry "GER"]
[WhiteTeam "Zeulenroda SC Rochade"]
[BlackTeam "Leipzig SC Lindenau"]
[WhiteTeamCountry "GER"]
[BlackTeamCountry "GER"]

1. e4 c5 2. Nf3 a6 3. d4 cxd4 4. Nxd4 e5 5. Nb3 Nf6 6. Bc4 b5 7. Bd5 Nxd5 8.
Qxd5 Nc6 9. Be3 Qc7 10. c3 Be7 11. O-O O-O 12. a4 Bb7 13. Qd3 bxa4 14. Rxa4 d6
15. Na3 Qd7 16. Nc5 Qc8 17. Nxb7 Qxb7 18. b4 Rfd8 19. Qd5 Qd7 20. Ra1 Nd4 21.
Nb1 Nc2 22. Rxa6 Rxa6 23. Rxa6 Nxe3 24. fxe3 Bg5 25. Qd3 h6 26. c4 Qb7 27. b5
Qc7 28. Nc3 Rc8 29. Ra4 Qd8 30. Nd5 Ra8 31. Qa3 Rc8 32. Qa2 Qd7 33. b6 Qc6 34.
Qb3 Rb8 35. Qb5 Qc8 36. h3 Qd8 37. Ra7 Bxe3+ 38. Nxe3 Rxb6 39. Qd5 Rb1+ 40. Kh2
Qf6 41. Nf5 Re1 42. Ra8+ Kh7 43. Rf8 Qg5 44. Qxf7 Rxe4 45. Qg8+ Kg6 46. Qxg7+
1-0

[Event "FBL O"]
[Site "?"]
[Date "2018.10.27"]
[Round "1.4"]
[White "Herbrig, Marie Helen"]
[Black "Schott, Maria"]
[Result "0-1"]
[WhiteElo "1852"]
[BlackElo "1789"]
[PlyCount "110"]
[EventDate "2018.10.27"]
[EventType "team-tourn"]
[EventCountry "GER"]
[WhiteTeam "Leipzig SC Lindenau"]
[BlackTeam "Zeulenroda SC Rochade"]
[WhiteTeamCountry "GER"]
[BlackTeamCountry "GER"]

1. d4 Nf6 2. Nf3 e6 3. Bg5 h6 4. Bh4 g5 5. Bg3 Bg7 6. e3 d6 7. Bd3 Bd7 8. c4
Nc6 9. Nc3 Ne7 10. b4 Nh5 11. c5 Nxg3 12. hxg3 dxc5 13. bxc5 Nd5 14. Ne4 f5 15.
Nfxg5 Kf8 16. Qh5 Qe8 17. Nxe6+ Bxe6 18. Qf3 Qf7 19. Nd2 Rb8 20. Rb1 Ke7 21.
Rh5 Rhf8 22. Nb3 Nf6 23. Rh4 Bd5 24. Qf4 Kd8 25. Na5 Nh5 26. Rxh5 Qxh5 27. c6
b6 28. Kd2 Qg4 29. Nb7+ Rxb7 30. cxb7 Bxb7 31. f3 Qxf4 32. gxf4 Bc8 33. Rg1 Be6
34. Bb1 Rg8 35. Kd3 Ke7 36. e4 Bf8 37. d5 fxe4+ 38. fxe4 Bh3 39. g3 Bd7 40. Ke3
c6 41. dxc6 Bxc6 42. Kf3 Kf6 43. Bc2 Bc5 44. Rd1 Re8 45. Rd2 Re7 46. Rd8 Rd7
47. Rc8 Bb7 48. Rg8 h5 49. Ke2 Ba6+ 50. Kf3 Rd2 51. e5+ Ke7 52. Bb1 Rb2 53. Bf5
Be2+ 54. Kg2 Bg4+ 55. Kf1 Bxf5 0-1

[Event "FBL O"]
[Site "?"]
[Date "2018.10.27"]
[Round "1.5"]
[White "Wagner, Victoria"]
[Black "Spangenberg, Pia"]
[Result "1-0"]
[WhiteElo "1643"]
[BlackElo "1791"]
[PlyCount "101"]
[EventDate "2018.10.27"]
[EventType "team-tourn"]
[EventCountry "GER"]
[WhiteTeam "Zeulenroda SC Rochade"]
[BlackTeam "Leipzig SC Lindenau"]
[WhiteTeamCountry "GER"]
[BlackTeamCountry "GER"]

1. e4 d5 2. exd5 Nf6 3. Nf3 Nxd5 4. d4 Bf5 5. a3 e6 6. c4 Nf6 7. Nc3 Nc6 8. Be2
Bd6 9. Bg5 h6 10. Bh4 O-O 11. O-O Be7 12. Re1 Ne4 13. Bxe7 Qxe7 14. Bf1 Nxc3
15. bxc3 Rfd8 16. Qb3 Rab8 17. d5 Na5 18. Qb4 Qxb4 19. axb4 Nxc4 20. Bxc4 exd5
21. Bb3 a6 22. Nd4 Bg6 23. f3 c6 24. Re3 Kf8 25. Rae1 Re8 26. Kf2 Rxe3 27. Rxe3
Re8 28. Bc2 Bxc2 29. Rxe8+ Kxe8 30. Nxc2 Ke7 31. Ke3 Kd6 32. Nd4 g6 33. h4 b6
34. g4 c5 35. bxc5+ bxc5 36. Nb3 Kc6 37. h5 g5 38. f4 f6 39. fxg5 fxg5 40. Kd2
Kb5 41. Kc2 a5 42. Nd2 a4 43. Nf3 Kb6 44. Nxg5 d4 45. Nf3 Kc7 46. cxd4 cxd4 47.
Nxd4 Kd6 48. Nf5+ Ke5 49. Nxh6 Kf4 50. Nf7 Kxg4 51. h6 1-0

[Event "FBL O"]
[Site "?"]
[Date "2018.10.27"]
[Round "1.6"]
[White "Neumeyer, Hannelore"]
[Black "Wagner, Margarethe"]
[Result "1-0"]
[WhiteElo "1882"]
[BlackElo "1643"]
[PlyCount "63"]
[EventDate "2018.10.27"]
[EventType "team-tourn"]
[EventCountry "GER"]
[WhiteTeam "Leipzig SC Lindenau"]
[BlackTeam "Zeulenroda SC Rochade"]
[WhiteTeamCountry "GER"]
[BlackTeamCountry "GER"]

1. d4 Nf6 2. Nc3 e6 3. e4 d6 4. Be3 Nbd7 5. g4 Nb6 6. g5 Nfd7 7. Nf3 Be7 8. Qd2
d5 9. a3 dxe4 10. Nxe4 Nd5 11. O-O-O a6 12. c4 Nxe3 13. fxe3 b6 14. Bd3 Bb7 15.
Rhg1 c5 16. Qf2 Rc8 17. Kb1 cxd4 18. exd4 Bxe4 19. Bxe4 Rxc4 20. Bd3 Ra4 21.
Bc2 Ra5 22. h4 b5 23. d5 Bc5 24. Qe2 Bxg1 25. dxe6 fxe6 26. Ne5 g6 27. Nxd7 Qe7
28. Nf6+ Kf7 29. Rd7 Qxd7 30. Nxd7 Ba7 31. Ne5+ Kg7 32. Qd2 1-0

[Event "FBL O"]
[Site "?"]
[Date "2018.10.27"]
[Round "1.1"]
[White "Ratay, Meike"]
[Black "Beltz, Franziska"]
[Result "1/2-1/2"]
[WhiteElo "1887"]
[BlackElo "2058"]
[PlyCount "82"]
[EventDate "2018.10.27"]
[EventType "team-tourn"]
[EventCountry "GER"]
[WhiteTeam "Saalfeld MTV"]
[BlackTeam "Leipzig SG"]
[WhiteTeamCountry "GER"]
[BlackTeamCountry "GER"]

1. e4 c5 2. Nf3 d6 3. d4 cxd4 4. Nxd4 Nf6 5. Nc3 a6 6. Be2 e6 7. O-O Nbd7 8. f4
b5 9. a3 Bb7 10. Bf3 Qc7 11. Qe2 Rc8 12. Kh1 Be7 13. Bd2 Qc4 14. Qf2 O-O 15.
Rae1 Rfd8 16. g4 d5 17. e5 Ne4 18. Bxe4 dxe4 19. Be3 Bxa3 20. Ncxb5 axb5 21.
bxa3 Ra8 22. Rb1 Bc6 23. Rb4 Qd5 24. Rfb1 Rxa3 25. Nxb5 Bxb5 26. Rxb5 Qc6 27.
R5b3 Ra2 28. R3b2 Rxb2 29. Rxb2 Nc5 30. Rb4 Na4 31. Qe2 Nc3 32. Qc4 Qxc4 33.
Rxc4 Nd5 34. Rxe4 Rc8 35. c4 Nxe3 36. Rxe3 Rxc4 37. Rf3 Rc2 38. Kg1 f6 39. Rf2
Rc4 40. exf6 gxf6 41. Kg2 Kf7 1/2-1/2

[Event "FBL O"]
[Site "?"]
[Date "2018.10.27"]
[Round "1.2"]
[White "Halas, Julia"]
[Black "Dietrich, Mareike"]
[Result "1/2-1/2"]
[WhiteElo "1972"]
[BlackElo "1714"]
[PlyCount "74"]
[EventDate "2018.10.27"]
[EventType "team-tourn"]
[EventCountry "GER"]
[WhiteTeam "Leipzig SG"]
[BlackTeam "Saalfeld MTV"]
[WhiteTeamCountry "GER"]
[BlackTeamCountry "GER"]

1. d4 Nf6 2. c4 g6 3. Nc3 Bg7 4. e4 d6 5. Nf3 O-O 6. Be2 e5 7. Be3 Nc6 8. d5
Ne7 9. Nd2 Ne8 10. b4 f5 11. f3 f4 12. Bf2 Rf7 13. c5 g5 14. Nc4 Ng6 15. cxd6
cxd6 16. Nb5 Nh4 17. Bf1 Bf8 18. Bxa7 Rxa7 19. Nxa7 Bd7 20. b5 g4 21. b6 Rg7
22. Qe2 Nf6 23. O-O-O Be8 24. Qe1 Nd7 25. Qb4 Nc5 26. Qc3 Bh5 27. Be2 Nxg2 28.
Rdg1 gxf3 29. Bxf3 Bxf3 30. Qxf3 Nh4 31. Rxg7+ Bxg7 32. Qg4 Nxe4 33. Rg1 Ng6
34. Qe6+ Kh8 35. Re1 Nc5 36. Qf5 Ne7 37. Qc2 Nxd5 1/2-1/2

[Event "FBL O"]
[Site "?"]
[Date "2018.10.27"]
[Round "1.3"]
[White "Lorenz, Anouk"]
[Black "Gempe, Anet"]
[Result "1/2-1/2"]
[WhiteElo "1345"]
[BlackElo "1994"]
[PlyCount "113"]
[EventDate "2018.10.27"]
[EventType "team-tourn"]
[EventCountry "GER"]
[WhiteTeam "Saalfeld MTV"]
[BlackTeam "Leipzig SG"]
[WhiteTeamCountry "GER"]
[BlackTeamCountry "GER"]

1. e4 e6 2. d4 d5 3. e5 c5 4. c3 Nc6 5. Nf3 Qb6 6. a3 Bd7 7. Be2 Rc8 8. O-O
cxd4 9. cxd4 Nge7 10. Nc3 Nf5 11. Na4 Qc7 12. b3 a6 13. Bb2 b5 14. Nc5 Ncxd4
15. Nxa6 Nxe2+ 16. Qxe2 Qa5 17. Nb4 Bxb4 18. axb4 Qxb4 19. Qd3 Qe4 20. Qxe4
dxe4 21. Ng5 e3 22. fxe3 Nxe3 23. Rxf7 h6 24. Ra7 hxg5 25. Raxd7 Nd5 26. Rxg7
b4 27. Rd6 Nf4 28. Rxg5 Rf8 29. h3 Rc2 30. Bd4 Ne2+ 31. Kh2 Rc1 32. Rxe6+ Kd7
33. Rd6+ Kc8 34. Rg7 Rff1 35. Rg8+ Kb7 36. g4 Rfd1 37. Rb6+ Kc7 38. Rg7+ Kc8
39. Be3 Rc2 40. Rf6 Nc3+ 41. Rf2 Rxf2+ 42. Bxf2 Rd2 43. Kg1 Rb2 44. e6 Ne4 45.
e7 Kd7 46. Bd4 Rxb3 47. h4 Rd3 48. Be5 Rd5 49. Bf4 b3 50. e8=Q+ Kxe8 51. Rb7
Nc3 52. Bg5 Rd4 53. Rxb3 Rxg4+ 54. Kh2 Ne4 55. Kh3 Nf2+ 56. Kh2 Re4 57. Kg3
1/2-1/2

[Event "FBL O"]
[Site "?"]
[Date "2018.10.27"]
[Round "1.5"]
[White "Lorenz, Keana"]
[Black "Oswald, Hannah"]
[Result "1-0"]
[WhiteElo "1399"]
[BlackElo "1611"]
[PlyCount "59"]
[EventDate "2018.10.27"]
[EventType "team-tourn"]
[EventCountry "GER"]
[WhiteTeam "Saalfeld MTV"]
[BlackTeam "Leipzig SG"]
[WhiteTeamCountry "GER"]
[BlackTeamCountry "GER"]

1. e4 e5 2. Nf3 Nc6 3. Bc4 Bc5 4. c3 Nf6 5. d4 exd4 6. cxd4 Bb4+ 7. Bd2 Nxe4 8.
Bxf7+ Kxf7 9. Qb3+ d5 10. Bxb4 Nxb4 11. Ne5+ Ke8 12. Qxb4 Qf6 13. O-O Rf8 14.
Nc3 Nxc3 15. bxc3 Kd8 16. Rac1 Qe7 17. Qb3 Qd6 18. c4 dxc4 19. Nxc4 Qd5 20. Qc3
c6 21. Ne3 Qg5 22. d5 Bh3 23. dxc6 b6 24. c7+ Ke8 25. Qc6+ Ke7 26. Rfe1 Kf7 27.
Qf3+ Kg8 28. Qxh3 Qf6 29. Re2 Rac8 30. Nd5 1-0

[Event "FBL O"]
[Site "?"]
[Date "2018.10.27"]
[Round "1.1"]
[White "Arnhold, Kerstin"]
[Black "Reizniece Ozola, Dana"]
[Result "0-1"]
[WhiteElo "2029"]
[BlackElo "2310"]
[PlyCount "46"]
[EventDate "2018.10.27"]
[EventType "team-tourn"]
[EventCountry "GER"]
[WhiteTeam "Niederwiesa SV Gruen Weiss"]
[BlackTeam "Loeberitz SG"]
[WhiteTeamCountry "GER"]
[BlackTeamCountry "GER"]

1. e4 g6 2. d4 Bg7 3. f4 d5 4. e5 c5 5. c3 cxd4 6. cxd4 Nc6 7. Nf3 Bg4 8. Bb5
Rc8 9. O-O Nh6 10. Nc3 O-O 11. h3 Bxf3 12. Rxf3 f6 13. Be3 fxe5 14. fxe5 e6 15.
Rxf8+ Bxf8 16. Bf2 Nf5 17. g4 Nfxd4 18. Bd3 Qg5 19. Kg2 Qxe5 20. Qd2 Bd6 21.
Qe3 Qh2+ 22. Kf1 Qh1+ 23. Bg1 Rf8+ 0-1

[Event "FBL O"]
[Site "?"]
[Date "2018.10.27"]
[Round "1.2"]
[White "Babiy, Olga"]
[Black "Nobis, Martina"]
[Result "1-0"]
[WhiteElo "2310"]
[BlackElo "1864"]
[PlyCount "55"]
[EventDate "2018.10.27"]
[EventType "team-tourn"]
[EventCountry "GER"]
[WhiteTeam "Loeberitz SG"]
[BlackTeam "Niederwiesa SV Gruen Weiss"]
[WhiteTeamCountry "GER"]
[BlackTeamCountry "GER"]

1. e4 g6 2. d4 Bg7 3. Nc3 d6 4. f4 Nf6 5. Nf3 O-O 6. Bd3 c6 7. O-O Qc7 8. Qe1
Na6 9. a3 Bd7 10. e5 Nd5 11. Ne4 f5 12. Neg5 h6 13. c4 hxg5 14. cxd5 dxe5 15.
fxe5 cxd5 16. Nxg5 Rfc8 17. Qh4 Qb6 18. Be3 Rc6 19. g4 Qb3 20. Rad1 Nc7 21.
Qh7+ Kf8 22. Nh3 Qxb2 23. gxf5 g5 24. f6 exf6 25. exf6 Rxf6 26. Rxf6+ Bxf6 27.
Qxd7 Bxd4 28. Rf1+ 1-0

[Event "FBL O"]
[Site "?"]
[Date "2018.10.27"]
[Round "1.3"]
[White "Orlova, Liubov"]
[Black "Otikova, Elina"]
[Result "1-0"]
[WhiteElo "2011"]
[BlackElo "2114"]
[PlyCount "139"]
[EventDate "2018.10.27"]
[EventType "team-tourn"]
[EventCountry "GER"]
[WhiteTeam "Niederwiesa SV Gruen Weiss"]
[BlackTeam "Loeberitz SG"]
[WhiteTeamCountry "GER"]
[BlackTeamCountry "GER"]

1. d4 d5 2. c4 e6 3. Nf3 Nf6 4. Bg5 Bb4+ 5. Nc3 h6 6. Bxf6 Qxf6 7. e3 O-O 8.
Rc1 dxc4 9. Bxc4 a6 10. O-O b5 11. Ne4 Qe7 12. Bd3 Bb7 13. Nc5 Bxc5 14. Rxc5
Qd6 15. Ne5 f6 16. Ng6 Rc8 17. Qg4 Nd7 18. Rc3 c5 19. dxc5 Rxc5 20. Rxc5 Nxc5
21. Bc2 f5 22. Rd1 Qc7 23. Qg3 Qxg3 24. hxg3 Kf7 25. Ne5+ Kf6 26. f4 Bd5 27. b4
Nb7 28. Bb3 Rd8 29. Bxd5 Rxd5 30. Rc1 Nd8 31. Rc7 Rd2 32. a3 Rd5 33. Kf2 Rd2+
34. Kf1 Rd5 35. Ke2 Rd6 36. Ra7 Rd5 37. Rxa6 Nf7 38. Nd3 Nd6 39. Ra7 Nf7 40.
Rc7 Rd6 41. Nc5 Nd8 42. e4 Kg6 43. e5 Rb6 44. Ke3 Rb8 45. Ra7 h5 46. Kd3 Nc6
47. Ra6 Rd8+ 48. Ke3 Nd4 49. Nxe6 Nxe6 50. Rxe6+ Kf7 51. Ra6 Rd1 52. Rd6 Rb1
53. Rd3 Rb2 54. Kf3 Ke6 55. Rd6+ Ke7 56. Rb6 Rb3+ 57. Kf2 Rxa3 58. Rxb5 Rb3 59.
Rb7+ Ke6 60. Rxg7 Rxb4 61. Rh7 Rb2+ 62. Kg1 Rb3 63. Kh2 Re3 64. Rxh5 Re1 65.
Rh6+ Kd5 66. Rd6+ Ke4 67. e6 Ke3 68. e7 Kf2 69. Rd2+ Kf1 70. Rd1 1-0

[Event "FBL O"]
[Site "?"]
[Date "2018.10.27"]
[Round "1.4"]
[White "Naumann, Nadine"]
[Black "Kindt, Ulrike"]
[Result "1/2-1/2"]
[WhiteElo "1967"]
[BlackElo "1746"]
[PlyCount "44"]
[EventDate "2018.10.27"]
[EventType "team-tourn"]
[EventCountry "GER"]
[WhiteTeam "Loeberitz SG"]
[BlackTeam "Niederwiesa SV Gruen Weiss"]
[WhiteTeamCountry "GER"]
[BlackTeamCountry "GER"]

1. e4 c5 2. Nf3 Nc6 3. d3 e6 4. g3 d5 5. Nbd2 dxe4 6. dxe4 Nf6 7. Bg2 Be7 8.
O-O O-O 9. Qe2 Qc7 10. e5 Nd7 11. Re1 Rb8 12. c3 b5 13. h4 c4 14. Ne4 Nc5 15.
Nxc5 Bxc5 16. h5 Ne7 17. h6 g6 18. Be3 Nf5 19. Bf4 Bb7 20. g4 Ne7 21. Be3 Nd5
22. Bg5 Be7 1/2-1/2

[Event "FBL O"]
[Site "?"]
[Date "2018.10.27"]
[Round "1.5"]
[White "Schiffer, Sabine"]
[Black "Giebel, Christine"]
[Result "0-1"]
[WhiteElo "1860"]
[BlackElo "1841"]
[PlyCount "98"]
[EventDate "2018.10.27"]
[EventType "team-tourn"]
[EventCountry "GER"]
[WhiteTeam "Niederwiesa SV Gruen Weiss"]
[BlackTeam "Loeberitz SG"]
[WhiteTeamCountry "GER"]
[BlackTeamCountry "GER"]

1. d4 Nf6 2. c4 e5 3. e3 exd4 4. exd4 Bb4+ 5. Bd2 Qe7+ 6. Qe2 O-O 7. Nc3 Re8 8.
O-O-O Nc6 9. Qxe7 Rxe7 10. Bg5 Bxc3 11. bxc3 d6 12. Bxf6 gxf6 13. Bd3 Bg4 14.
f3 Bh5 15. Ne2 Bg6 16. Nf4 Kg7 17. Nd5 Rd7 18. Kd2 Ne7 19. Rhe1 Nf5 20. Nf4 Nh4
21. Rb1 c6 22. Re2 Bxd3 23. Kxd3 f5 24. Rbe1 Kf6 25. Re3 Rg8 26. g3 Ng6 27. Nh3
h5 28. f4 Re7 29. Rxe7 Nxe7 30. Ng5 Ng6 31. d5 h4 32. Kd4 c5+ 33. Kd3 hxg3 34.
hxg3 Rh8 35. Rb1 b6 36. a4 Rh2 37. a5 Rg2 38. axb6 axb6 39. Rxb6 Rxg3+ 40. Kc2
Nxf4 41. Nxf7 Kxf7 42. Rxd6 Rg2+ 43. Kb3 Nd3 44. Rc6 f4 45. Rc7+ Ke8 46. d6 f3
47. Re7+ Kd8 48. Ka4 f2 49. Rf7 Rg1 0-1

[Event "FBL O"]
[Site "?"]
[Date "2018.10.27"]
[Round "1.6"]
[White "Schuster, Rebekka"]
[Black "Nobis, Anna"]
[Result "1/2-1/2"]
[WhiteElo "1822"]
[BlackElo "1837"]
[PlyCount "46"]
[EventDate "2018.10.27"]
[EventType "team-tourn"]
[EventCountry "GER"]
[WhiteTeam "Loeberitz SG"]
[BlackTeam "Niederwiesa SV Gruen Weiss"]
[WhiteTeamCountry "GER"]
[BlackTeamCountry "GER"]

1. e4 c5 2. Nf3 Nc6 3. d4 cxd4 4. Nxd4 e5 5. Nb3 Nf6 6. Nc3 Be7 7. Be3 d6 8. f3
Be6 9. Qd2 d5 10. exd5 Nxd5 11. Nxd5 Qxd5 12. O-O-O Qxd2+ 13. Rxd2 b6 14. Bb5
Rc8 15. Rhd1 O-O 16. Kb1 Nb4 17. Bd7 Bxd7 18. Rxd7 Nxc2 19. Bxb6 axb6 20. Rxe7
Ne3 21. Rd2 Nc4 22. Rdd7 h6 23. g4 Rcd8 1/2-1/2

[Event "FBL O"]
[Site "?"]
[Date "2018.10.28"]
[Round "2.1"]
[White "Reizniece Ozola, Dana"]
[Black "Wong, Kar Yan"]
[Result "1-0"]
[WhiteElo "2310"]
[BlackElo "1772"]
[PlyCount "49"]
[EventDate "2018.10.27"]
[EventType "team-tourn"]
[EventCountry "GER"]
[WhiteTeam "Loeberitz SG"]
[BlackTeam "Dresden USV TU"]
[WhiteTeamCountry "GER"]
[BlackTeamCountry "GER"]

1. c4 g6 2. g3 Bg7 3. Bg2 Nf6 4. Nf3 d6 5. Nc3 O-O 6. O-O e5 7. d4 Nbd7 8. e4
Qe7 9. h3 a6 10. Re1 c6 11. Be3 b5 12. cxb5 cxb5 13. dxe5 dxe5 14. Nd5 Nxd5 15.
exd5 Qd6 16. Ng5 Bb7 17. Ne4 Qb4 18. a3 Qa5 19. b4 Qc7 20. Rc1 Qb8 21. Nc5 Bc8
22. d6 Ra7 23. Nb3 Nb6 24. Na5 Rd7 25. Nc6 1-0

[Event "FBL O"]
[Site "?"]
[Date "2018.10.28"]
[Round "2.2"]
[White "von Keyserlingk, Chanda"]
[Black "Babiy, Olga"]
[Result "0-1"]
[WhiteElo "1724"]
[BlackElo "2310"]
[PlyCount "96"]
[EventDate "2018.10.27"]
[EventType "team-tourn"]
[EventCountry "GER"]
[WhiteTeam "Dresden USV TU"]
[BlackTeam "Loeberitz SG"]
[WhiteTeamCountry "GER"]
[BlackTeamCountry "GER"]

1. d4 Nf6 2. c4 e6 3. Nc3 Bb4 4. e3 O-O 5. Bd3 d5 6. Nge2 dxc4 7. Bxc4 e5 8.
O-O Nc6 9. a3 Bd6 10. Nb5 a6 11. Nxd6 cxd6 12. d5 Ne7 13. Nc3 Nd7 14. e4 f5 15.
exf5 Nxf5 16. Ne4 h6 17. Ba2 Nf6 18. Nc3 Bd7 19. Bd2 Qb6 20. Qb3 Qd4 21. Rad1
Qh4 22. f3 b5 23. Rde1 a5 24. Ne4 Nd4 25. Qd1 Nxe4 26. Rxe4 Qd8 27. Be3 Bf5 28.
Rxd4 exd4 29. Qxd4 Rc8 30. Rc1 Rxc1+ 31. Bxc1 Qc7 32. Bd2 a4 33. Bc3 Rc8 34.
Kf1 Qe7 35. g4 Bg6 36. f4 Bc2 37. h4 Re8 38. Kg1 Qf7 39. Qd2 Qg6 40. g5 Bd3 41.
Qf2 Qf5 42. Qg3 h5 43. Bb4 Re2 44. Bc3 Qe4 45. g6 Bb1 46. Qh3 Qxg6+ 47. Kf1 Bd3
48. Qc8+ Re8+ 0-1

[Event "FBL O"]
[Site "?"]
[Date "2018.10.28"]
[Round "2.3"]
[White "Otikova, Elina"]
[Black "Klemke, Kassandra"]
[Result "1-0"]
[WhiteElo "2114"]
[BlackElo "1640"]
[PlyCount "55"]
[EventDate "2018.10.27"]
[EventType "team-tourn"]
[EventCountry "GER"]
[WhiteTeam "Loeberitz SG"]
[BlackTeam "Dresden USV TU"]
[WhiteTeamCountry "GER"]
[BlackTeamCountry "GER"]

1. e4 c5 2. Nf3 d6 3. d4 cxd4 4. Nxd4 Nf6 5. Nc3 a6 6. Be2 e6 7. O-O Qc7 8. Kh1
b5 9. f4 Bb7 10. Bf3 Nbd7 11. a3 Nb6 12. Qe1 Rc8 13. Qg3 Ba8 14. Re1 Nc4 15. a4
b4 16. Na2 Qb6 17. c3 a5 18. b3 bxc3 19. Nb5 Nd2 20. Naxc3 Nxb3 21. Be3 Qd8 22.
Rad1 Rg8 23. e5 Bxf3 24. Qxf3 Nd7 25. exd6 Qf6 26. Qb7 Rb8 27. Qc6 Qf5 28. Ba7
1-0